Biology Quiz #1 - Statistics

General Stats
  • This quiz has been taken 367 times
  • The average score is 8 of 15
Answer Stats
Question Answer % Correct
An animal that eats only meat is called? Carnivore
98%
Which animal is the fastest on foot? Cheetah
86%
Who is the inventor of the theory of evolution? Charles Darwin
82%
Name the process by which plants prepare their food? Photosynthesis
82%
The energy used by living beings on the earth to feed, move, and reproduce all comes from what original source? The Sun
72%
The key organelle in photosynthesis is the? Chloroplast
62%
What does DNA stand for? Deoxyribonucleic acid
61%
What is the study of animal life called? Zoology
55%
Night blindness is cause by lack of which vitamin? Vitamin A
51%
Name the process by which terrestrial plant loses water? Transpiration
38%
Movement of cell against concentration gradient is called? Active Transport
36%
What is a flying fox? Bat
35%
Monotremes are unique mammals because they? Lay eggs
28%
Who first discovered cells? Robert Hooke
15%
Which is the biggest cell? Ostrich Egg
8%
No matching quizzes found
Score Distribution
Percent of People with Each Score
Percentile by Number Answered
Your Score History
You have not taken this quiz